000 00358nam a2200133 i 4500
001 bg
100 1 _aSOSNOWSKI, Włodzimierz
245 0 _aStatyczna analiza płaskich sprężysto-plastycznych ram... /
_cWłodzimierz Sosnowski.
260 _aWarszawa,
_c1982.
040 _cBPK
041 _apol
942 _cKS
008 s pl f |000 0 pol
999 _c20826
_d20826
856 _uhttp://koha.tu.koszalin.pl/cgi-bin/koha/opac-detail.pl?biblionumber=20826
_yKatalog online BPK